<?xml version="1.0" encoding="UTF-8"?>
<record
    xmlns:xsi="http://www.w3.org/2001/XMLSchema-instance"
    xsi:schemaLocation="http://www.loc.gov/MARC21/slim http://www.loc.gov/standards/marcxml/schema/MARC21slim.xsd"
    xmlns="http://www.loc.gov/MARC21/slim">

  <leader>01501nam a2200337 i 4500</leader>
  <datafield tag="999" ind1=" " ind2=" ">
    <subfield code="c">7737</subfield>
    <subfield code="d">7737</subfield>
  </datafield>
  <controlfield tag="001">991060788711606706</controlfield>
  <controlfield tag="003">OSt</controlfield>
  <controlfield tag="005">20230523111044.0</controlfield>
  <controlfield tag="008">221026s2022    spca|||  |||| 0|0 0 cat| </controlfield>
  <datafield tag="015" ind1=" " ind2=" ">
    <subfield code="a">LL2022</subfield>
    <subfield code="2">bnc</subfield>
  </datafield>
  <datafield tag="017" ind1=" " ind2=" ">
    <subfield code="a">DL GI 777-2020</subfield>
    <subfield code="b">Biblioteca de Catalunya</subfield>
  </datafield>
  <datafield tag="040" ind1=" " ind2=" ">
    <subfield code="a">ES-BaBC</subfield>
    <subfield code="b">cat</subfield>
    <subfield code="e">rda</subfield>
    <subfield code="c">CDMR</subfield>
  </datafield>
  <datafield tag="043" ind1=" " ind2=" ">
    <subfield code="a">e-sp---</subfield>
    <subfield code="b">e-spcg-</subfield>
    <subfield code="2">catmarc</subfield>
  </datafield>
  <datafield tag="080" ind1=" " ind2=" ">
    <subfield code="a">77.092</subfield>
    <subfield code="x">(460.233)</subfield>
    <subfield code="x">(083.824)</subfield>
    <subfield code="2">2004</subfield>
  </datafield>
  <datafield tag="080" ind1=" " ind2=" ">
    <subfield code="a">77.03</subfield>
    <subfield code="x">(460.233)</subfield>
    <subfield code="x">(083.824)</subfield>
    <subfield code="2">2004</subfield>
  </datafield>
  <datafield tag="080" ind1=" " ind2=" ">
    <subfield code="a">616.2-022-036.22</subfield>
    <subfield code="x">(083.824)</subfield>
    <subfield code="2">2004</subfield>
  </datafield>
  <datafield tag="245" ind1="0" ind2="0">
    <subfield code="a">raholafoto2020 :</subfield>
    <subfield code="b">fotografies presentades a l'onzena edici&#xF3; dels Premis Carles Rahola de Comunicaci&#xF3; Local /</subfield>
    <subfield code="c">textos: Anna Estart&#xFA;s</subfield>
  </datafield>
  <datafield tag="246" ind1="1" ind2="0">
    <subfield code="a">Rahola Foto 2020</subfield>
  </datafield>
  <datafield tag="264" ind1=" " ind2="1">
    <subfield code="a">Girona :</subfield>
    <subfield code="b">Diputaci&#xF3; de Girona :</subfield>
    <subfield code="b">Demarcaci&#xF3; de Girona del Col&#xB7;legi de Periodistes de Catalunya,</subfield>
    <subfield code="c">[2020]</subfield>
  </datafield>
  <datafield tag="300" ind1=" " ind2=" ">
    <subfield code="a">42 p&#xE0;gines sense numerar :</subfield>
    <subfield code="b">principalment il&#xB7;lustracions en color ;</subfield>
    <subfield code="c">21 x 21 cm</subfield>
  </datafield>
  <datafield tag="500" ind1=" " ind2=" ">
    <subfield code="a">Cat&#xE0;leg de l'exposici&#xF3;</subfield>
  </datafield>
  <datafield tag="505" ind1="8" ind2=" ">
    <subfield code="a">Inclou 36 treballs presentats a l'11a edici&#xF3; del Premi Carles Rahola de Comunicaci&#xF3; Local</subfield>
  </datafield>
  <datafield tag="650" ind1=" " ind2="7">
    <subfield code="a">Fotografia documental</subfield>
    <subfield code="z">Catalunya</subfield>
    <subfield code="z">Girona (Prov&#xED;ncia)</subfield>
    <subfield code="x">Exposicions.</subfield>
    <subfield code="2">lemac</subfield>
  </datafield>
  <datafield tag="650" ind1=" " ind2="7">
    <subfield code="a">Fotografia</subfield>
    <subfield code="x">Concursos</subfield>
    <subfield code="z">Catalunya</subfield>
    <subfield code="z">Girona (Prov&#xED;ncia)</subfield>
    <subfield code="x">Exposicions.</subfield>
    <subfield code="2">lemac</subfield>
  </datafield>
  <datafield tag="651" ind1=" " ind2="0">
    <subfield code="9">4609</subfield>
    <subfield code="a">Catalunya</subfield>
    <subfield code="v">Pol&#xED;tica i govern</subfield>
    <subfield code="y">S.XXI</subfield>
    <subfield code="x">Exposicions</subfield>
  </datafield>
  <datafield tag="700" ind1="1" ind2=" ">
    <subfield code="a">Estart&#xFA;s, Anna,</subfield>
  </datafield>
  <datafield tag="711" ind1="2" ind2=" ">
    <subfield code="a">Premis Carles Rahola de Comunicaci&#xF3; Local</subfield>
    <subfield code="n">(11a :</subfield>
    <subfield code="d">2020 :</subfield>
    <subfield code="c">Girona, Catalunya)</subfield>
  </datafield>
  <datafield tag="908" ind1=" " ind2=" ">
    <subfield code="a">BC</subfield>
  </datafield>
  <datafield tag="940" ind1=" " ind2=" ">
    <subfield code="a">BC</subfield>
  </datafield>
  <datafield tag="942" ind1=" " ind2=" ">
    <subfield code="2">udc</subfield>
    <subfield code="c">FULLET</subfield>
  </datafield>
  <datafield tag="952" ind1=" " ind2=" ">
    <subfield code="0">0</subfield>
    <subfield code="1">0</subfield>
    <subfield code="4">0</subfield>
    <subfield code="7">0</subfield>
    <subfield code="a">CDMR</subfield>
    <subfield code="b">CDMR</subfield>
    <subfield code="d">2023-05-23</subfield>
    <subfield code="e">Donaci&#xF3;</subfield>
    <subfield code="l">0</subfield>
    <subfield code="o">Ar /51</subfield>
    <subfield code="p">CDMR22100002</subfield>
    <subfield code="r">2023-05-23</subfield>
    <subfield code="w">2023-05-23</subfield>
    <subfield code="y">FULLET</subfield>
  </datafield>
</record>
